Letters and correspondence of John Henry Newman during his life in the English Church, with a brief autobiography / (Registro nro. 111949)
[ vista simple ]
| 000 -LEADER | |
|---|---|
| campo de control de longitud fija | 00654nam a2200181 4500 |
| 001 - NÚMERO DE CONTROL | |
| campo de control | 111949 |
| 003 - IDENTIFICADOR DE NÚMERO DE CONTROL | |
| campo de control | ES-MaACL |
| 005 - FECHA Y HORA DE LA ÚLTIMA TRANSACCIÓN | |
| campo de control | 20251005063106.0 |
| 007 - CAMPO FIJO DE DESCRIPCIÓN FÍSICA--INFORMACIÓN GENERAL | |
| campo de control de longitud fija | t| |
| 008 - DATOS DE LONGITUD FIJA--INFORMACIÓN GENERAL | |
| campo de control de longitud fija | 061121s1920 xxk r ||||1| eng d |
| 100 0# - ENTRADA PRINCIPAL--NOMBRE DE PERSONA | |
| Nombre de persona | Juan Enrique Newman, |
| Títulos y otros términos asociados al nombre | Beato, |
| Fechas asociadas al nombre | 1801-1890 |
| 9 (RLIN) | 162508 |
| 245 10 - MENCIÓN DEL TÍTULO | |
| Título | Letters and correspondence of John Henry Newman during his life in the English Church, with a brief autobiography / |
| Mención de responsabilidad, etc. | edited at cardinal Newman's request by Anne Morley. |
| 260 ## - PUBLICACIÓN, DISTRIBUCIÓN, ETC. | |
| Lugar de publicación, distribución, etc. | London : |
| Nombre del editor, distribuidor, etc. | Longmans Green and Co., |
| Fecha de publicación, distribución, etc. | 1920. |
| 300 ## - DESCRIPCIÓN FÍSICA | |
| Extensión | 2 v. ; |
| Dimensiones | 19 x 12 cm. |
| 700 1# - ENTRADA AGREGADA--NOMBRE PERSONAL | |
| Nombre de persona | Morley, Anne. |
| 9 (RLIN) | 83600 |
| 852 ## - LOCALIZACIÓN | |
| Ubicación | ES-MaACL |
| Número de control de estantería | A-3328-29 |
| Estatus retirado | Estado de pérdida | Estado de daño | No para préstamo | Biblioteca de origen | Biblioteca actual | Ubicación en estantería | Fecha de adquisición | Fuente de adquisición | Total de préstamos | Signatura topográfica completa | Código de barras | Visto por última vez | Precio de reemplazo | Tipo de ítem Koha |
|---|---|---|---|---|---|---|---|---|---|---|---|---|---|---|
| Biblioteca del Ateneo de Madrid | Biblioteca del Ateneo de Madrid | Sala Pecera Planta 1 | 17/01/2008 | A-3328-29 | 1116777 | 23/02/2023 | 23/02/2023 | Libro impreso |
